Lyrics from The Little Mermaid song Under the Sea - Statistics

General Stats
  • This quiz has been taken 153 times
  • The average score is 249 of 391
Answer Stats
Answer % Correct
The
100%
the
100%
sea.
99%
sea
99%
sea).
99%
sea!
99%
Under
97%
under
97%
(Under
97%
it
94%
be
93%
we
92%
We
92%
a
91%
A
91%
do
91%
it's
88%
where
88%
beat
87%
down
87%
Down
87%
me.
85%
is
84%
wetter
84%
better
83%
from
83%
You
83%
you
83%
you.
83%
in
81%
take
80%
on
79%
he
77%
ocean
77%
up
76%
Up
76%
all
75%
for?
75%
for
75%
they
74%
hear
73%
What
73%
what
73%
day.
72%
day
72%
there
72%
here
70%
look
70%
that
70%
always
69%
at
68%
away.
68%
but
68%
But
68%
floor.
68%
n
68%
else's
67%
work
67%
world
67%
seaweed
66%
fish
65%
going
65%
greener
65%
somebody
65%
to
65%
about
64%
Darling
64%
sun
64%
around
63%
big
63%
dream
63%
mistake.
63%
shore
63%
slave
63%
lookin
62%
more
62%
land
61%
Out
61%
out
61%
lake.
60%
things
60%
Just
59%
right
59%
happy
57%
when
57%
When
57%
wonderful
56%
no
55%
Such
55%
of
53%
Oh
52%
oh
52%
and
51%
get
50%
surround
50%
bow
48%
plate?
47%
ain't
46%
got
46%
got?
46%
One
46%
gon
45%
boss
44%
floatin,
44%
hungry
44%
life
44%
luck
44%
guess
43%
worser
42%
bowl.
41%
play.
41%
play
41%
fate.
40%
cause
39%
lucky
39%
time
39%
us
39%
bubbles
38%
who's
38%
as
37%
While
37%
waves
36%
off
34%
sad
34%
full
33%
roll.
32%
bass
31%
eat
31%
hook.
31%
fry
30%
troubles
30%
cook
29%
sand.
29%
band.
28%
water.
28%
hot
27%
through
27%
know
26%
their
26%
can
25%
how
24%
crustacean
23%
folk
23%
harp,
23%
why
23%
lot
22%
blow.
21%
Nobody
21%
fricasse.
20%
soul.
20%
carp
19%
duke
19%
flute,
19%
she
19%
that's
19%
yeah
18%
Yeah,
18%
blowfish
17%
naturally.
16%
spirit
16%
start
16%
little
15%
ray,
15%
ray
15%
hotter
14%
muck
14%
music
13%
sturgeon
13%
urge
13%
clam
12%
snail
12%
brass,
11%
Each
11%
fluke
11%
strings
11%
cuttin
10%
Even
10%
loves
10%
sharp.
10%
soundin
10%
blackfish
9%
jam
9%
rug
9%
sings.
9%
wail
9%
chub
8%
sardine
8%
slug
8%
begin
7%
newt
7%
Since
7%
sweeter
7%
tub
7%
beguine
5%
lings
5%
sprat
5%
trout
4%
Ya
4%
plaice
3%
rockin
3%
devoutin,
1%
smelt
1%
No matching quizzes found
Score Distribution
Percent of People with Each Score
Percentile by Number Answered
Your Score History
You have not taken this quiz